Le royaume latin de Jérusalem

Wedi'i Gadw mewn:
Manylion Llyfryddiaeth
Prif Awdur: Richard, Jean (Awdur)
Fformat: Llyfr
Iaith:Ffrangeg
Cyhoeddwyd: París Presses Universitaires de France 1953
Pynciau:
Tagiau: Ychwanegu Tag
Dim Tagiau, Byddwch y cyntaf i dagio'r cofnod hwn!

MARC

LEADER 00000nam a2200000 a 4500
001 UCO2227
003 CL-VaPUC
008 000602e19530000FR |||||||||||||||||fre|d
082 0 4 |a 956.9402  |b RIC  |2 21 
100 0 |a Richard, Jean  |e author  |9 445187 
245 1 3 |a Le royaume latin de Jérusalem 
300 |a 361 p 
942 |c BK 
945 |d 20000602 00:00:00  |a rherrera 
260 |a París  |b Presses Universitaires de France  |c 1953 
650 7 |a HISTORIA DE ISRAEL  |2 CL-VaPUC  |9 438902 
650 7 |a HISTORIA DE JERUSALEM  |2 CL-VaPUC  |9 445188 
650 0 |a Cruzadas  |9 319513 
650 0 |a Edad media  |9 258041 
650 7 |a COLONOS  |2 CL-VaPUC  |9 371806 
650 7 |a SIGLOS 11-12  |2 CL-VaPUC  |9 440793 
651 7 |a JERUSALEM  |2 CL-VaPUC  |9 389418 
583 |a last modification  |c 20000602 00:00:00  |k Rodrigo Vera 
999 |c 288766  |d 288764 
952 |0 0  |1 0  |4 0  |6 956_940200000000000_RIC_1953  |7 0  |8 A  |9 336682  |a BIBHIS  |b BIBHIS  |d 2019-11-20  |i 1283766  |o 956.9402 RIC 1953  |p 1283766  |r 2025-01-20  |w 2019-11-20  |y BK  |k HIS